[Event "European Online CC PlayC"]
[Site "Tornelo INT"]
[Date "2021.03.29"]
[Round "1.1"]
[Board "1"]
[White "Fedoseev, Vladimir3"]
[Black "Vachier-Lagrave, Maxime"]
[Result "1/2-1/2"]
[WhiteTitle "GM"]
[BlackTitle "GM"]
[WhiteElo "2687"]
[BlackElo "2758"]
[WhiteTeam "Mednyi Vsadnik"]
[BlackTeam "OSG Baden Baden e.V."]
[WhiteFideId "24130737"]
[BlackFideId "623539"]
[EventDate "2021.03.29"]
[EventType "team"]

1. e4 e5 2. Nf3 Nc6 3. Bb5 a6 4. Ba4 Nf6 5. O-O b5 6. Bb3 Bc5 7. c3 d6 8. d4 Bb6
9. a4 Bb7 10. Re1 O-O 11. h3 Re8 12. Ng5 Re7 13. d5 Nb8 14. axb5 axb5 15. Rxa8
Bxa8 16. Na3 c6 17. dxc6 Bxc6 18. Nxb5 Bxb5 19. Nxf7 Rxf7 20. Bxf7+ Kxf7 21.
Qb3+ d5 22. Qxb5 Nxe4 23. Be3 Bxe3 24. Rxe3 Qd6 25. c4 Nf6 26. cxd5 Nbd7 27. Rd3
e4 28. Rd1 Ne5 29. Ra1 Nd3 30. Ra7+ Kg6 31. Qb7 Qf4 32. Qxg7+ Kh5 33. Qf7+ Kh6
34. Qf8+ Kh5 35. Qf7+ Kh6 36. Qf8+ Kh5 37. Qf7+ 1/2-1/2

[Event "European Online CC PlayC"]
[Site "Tornelo INT"]
[Date "2021.03.29"]
[Round "1.1"]
[Board "2"]
[White "Rapport, Richard"]
[Black "Matlakov, Maxim"]
[Result "1-0"]
[WhiteTitle "GM"]
[BlackTitle "GM"]
[WhiteElo "2763"]
[BlackElo "2688"]
[WhiteTeam "OSG Baden Baden e.V."]
[BlackTeam "Mednyi Vsadnik"]
[WhiteFideId "738590"]
[BlackFideId "4168003"]
[EventDate "2021.03.29"]
[EventType "team"]

1. c4 c6 2. Nc3 d5 3. d4 Nf6 4. cxd5 cxd5 5. Bf4 Nc6 6. e3 Bf5 7. Qb3 Na5 8.
Qa4+ Bd7 9. Bb5 e6 10. Nf3 a6 11. Bxd7+ Nxd7 12. O-O Be7 13. Rfc1 Nc6 14. Qb3
Na5 15. Qd1 Rc8 16. Ne1 O-O 17. Nd3 Nc4 18. b3 Na3 19. Na4 Qa5 20. Nac5 Nxc5 21.
b4 Qd8 22. bxc5 b6 23. Qa4 Nc4 24. cxb6 Qxb6 25. Rab1 Qa7 26. Ne5 Nxe5 27. Bxe5
Qb7 28. Qd1 Qd7 29. h3 Rc4 30. Rb6 Rfc8 31. Rcb1 a5 32. Rb7 Qe8 33. Qg4 Bf8 34.
Kh2 Rb4 35. R1xb4 axb4 36. h4 h6 37. Qg3 Kh8 38. Bd6 Rc4 39. Rb8 Rc8 40. Rxb4
Rd8 41. Bxf8 Qxf8 42. Rb7 Ra8 43. Qc7 Kh7 44. Qxf7 Qxf7 45. Rxf7 Rxa2 46. Kg3
Kg6 47. Rf8 h5 48. Kf3 Rb2 49. g4 hxg4+ 50. Kxg4 Re2 51. h5+ Kh7 52. Kg5 Ra2 53.
Rf7 Ra1 54. Kf4 Rh1 55. Ke5 Rxh5+ 56. Kxe6 Kg8 57. Rf5 1-0

[Event "European Online CC PlayC"]
[Site "Tornelo INT"]
[Date "2021.03.29"]
[Round "1.1"]
[Board "3"]
[White "Esipenko, Andrey"]
[Black "Bacrot, Etienne"]
[Result "1-0"]
[WhiteTitle "GM"]
[BlackTitle "GM"]
[WhiteElo "2701"]
[BlackElo "2678"]
[WhiteTeam "Mednyi Vsadnik"]
[BlackTeam "OSG Baden Baden e.V."]
[WhiteFideId "24175439"]
[BlackFideId "605506"]
[EventDate "2021.03.29"]
[EventType "team"]

1. d4 d5 2. c4 e6 3. Nf3 Be7 4. Nc3 Nf6 5. Bf4 O-O 6. a3 b6 7. e3 Bb7 8. cxd5
Nxd5 9. Nxd5 exd5 10. Bd3 c5 11. h4 Nd7 12. Ng5 h6 13. Nh7 Re8 14. Bxh6 gxh6 15.
Qg4+ Kh8 16. Ng5 Bxg5 17. hxg5 Nf8 18. Rxh6+ Kg7 19. Qh5 cxd4 20. Rh7+ Nxh7 21.
Qh6+ 1-0

[Event "European Online CC PlayC"]
[Site "Tornelo INT"]
[Date "2021.03.29"]
[Round "1.1"]
[Board "4"]
[White "Naiditsch, Arkadij"]
[Black "Shimanov, Aleksandr"]
[Result "1/2-1/2"]
[WhiteTitle "GM"]
[BlackTitle "GM"]
[WhiteElo "2649"]
[BlackElo "2597"]
[WhiteTeam "OSG Baden Baden e.V."]
[BlackTeam "Mednyi Vsadnik"]
[WhiteFideId "4650891"]
[BlackFideId "4198603"]
[EventDate "2021.03.29"]
[EventType "team"]

1. e4 e6 2. d4 d5 3. Nd2 c5 4. exd5 Qxd5 5. dxc5 Nf6 6. Ngf3 Qxc5 7. Bd3 Nbd7 8.
O-O Qc7 9. Re1 Be7 10. Ne4 Nxe4 11. Rxe4 O-O 12. Rc4 Qd8 13. Be3 Bf6 14. Qe2 Nb6
15. Rg4 Nd5 16. Rd1 Qc7 17. Bh6 Rd8 18. Ng5 g6 19. Qf3 Bh8 20. Rh4 Qe7 21. Qg3
Nf6 22. Re1 Qd6 23. Qf3 Qe7 24. g3 Bd7 25. Qxb7 Rab8 26. Qxa7 Rxb2 27. Rf4 Rbb8
28. Nf3 Ra8 29. Qe3 Nd5 30. Qe4 Nxf4 31. Qxf4 Ra4 32. Qe3 Bc6 33. Ne5 Ba8 34.
Qb6 Rad4 35. Bf4 Rc8 36. h4 Qb7 37. Qxb7 Bxb7 38. Rb1 Bd5 39. a3 Ra4 40. c4 Ba8
41. Rb3 Ra5 42. Nd7 Bc6 43. Nb6 Re8 44. Kf1 Bd4 45. Be3 Bxe3 46. fxe3 Rb8 47.
Ke2 g5 48. Kd2 gxh4 49. gxh4 Ra6 50. c5 Ra5 51. Rc3 Kg7 52. e4 Kf6 53. Ke3 h5
54. e5+ Ke7 55. Be4 Be8 56. Kf4 f6 57. exf6+ Kxf6 58. Ke3 Rb5 59. a4 Ra5 60. Rc4
Ke7 61. Kd4 Ra6 62. Rb4 Rd8+ 63. Kc4 Rd1 64. c6 Ra5 65. Rb5 Rc1+ 66. Kb4 Ra6 67.
a5 Bxc6 68. Bxc6 Rxc6 69. Rxh5 Raxb6+ 70. axb6 Rxb6+ 71. Kc3 Rd6 1/2-1/2

[Event "European Online CC PlayC"]
[Site "Tornelo INT"]
[Date "2021.03.29"]
[Round "1.2"]
[Board "2"]
[White "Zhigalko, Andrey"]
[Black "Howell, David W L"]
[Result "0-1"]
[WhiteTitle "GM"]
[BlackTitle "GM"]
[WhiteElo "2517"]
[BlackElo "2658"]
[WhiteTeam "Svetlana"]
[BlackTeam "4NCL Guildford"]
[WhiteFideId "13502247"]
[BlackFideId "410608"]
[EventDate "2021.03.29"]
[EventType "team"]

1. e4 c6 2. d4 d5 3. exd5 cxd5 4. Bd3 Nc6 5. c3 Qc7 6. h3 g6 7. Ne2 Bf5 8. Bxf5
gxf5 9. Bf4 Qd7 10. Nd2 Nf6 11. Nc1 e6 12. Nd3 Bd6 13. Qf3 h5 14. O-O-O Bxf4 15.
Qxf4 O-O-O 16. Qh4 Ne4 17. f3 Nd6 18. Rhe1 Rdg8 19. Re2 Qd8 20. Qxd8+ Kxd8 21.
h4 Ne7 22. Rh1 Ng6 23. g3 Ke7 24. Nf1 f4 25. Nxf4 Nxf4 26. gxf4 Nf5 27. Kd2 Kf6
28. Ke1 b5 29. a3 a5 30. Kf2 b4 31. axb4 axb4 32. Rc2 Ra8 33. Ne3 Ra2 34. Nxf5
Kxf5 35. Re2 Kxf4 36. Rg1 bxc3 37. bxc3 Rxe2+ 38. Kxe2 Rc8 39. Rg7 f5 40. Kd3
Kxf3 41. Rg6 Re8 42. Rg5 f4 43. Rxh5 Kf2 44. Rh6 f3 45. h5 Ke1 46. Rf6 f2 47.
Ke3 f1=Q 48. Rxf1+ Kxf1 49. Kf4 Ke2 50. Ke5 Kd3 0-1

[Event "European Online CC PlayC"]
[Site "Tornelo INT"]
[Date "2021.03.29"]
[Round "1.2"]
[Board "4"]
[White "Meribanov, Vitaly"]
[Black "Cheparinov, Ivan"]
[Result "1-0"]
[WhiteTitle "IM"]
[BlackTitle "GM"]
[WhiteElo "2406"]
[BlackElo "2667"]
[WhiteTeam "Svetlana"]
[BlackTeam "4NCL Guildford"]
[WhiteFideId "13504363"]
[BlackFideId "2905540"]
[EventDate "2021.03.29"]
[EventType "team"]

1. e4 c5 2. Nf3 d6 3. Nc3 Nf6 4. d4 cxd4 5. Nxd4 a6 6. Be2 e5 7. Nb3 Be7 8. O-O
O-O 9. Kh1 Nc6 10. f4 b5 11. a3 Bb7 12. Be3 Rc8 13. Bf3 Na5 14. Nxa5 Qxa5 15.
Qd2 Qc7 16. Qf2 Qc4 17. Be2 Qe6 18. f5 Qd7 19. Bg5 Nxe4 20. Nxe4 Bxe4 21. f6
Bxf6 22. Bxf6 gxf6 23. Qxf6 Qe6 24. Qh4 Qg6 25. Bf3 Rc4 26. Qe7 Bxc2 27. Bd5 Rf4
28. Rxf4 exf4 29. Rf1 Qf5 30. Qxd6 Qd3 31. Re1 Qf5 32. h3 a5 33. Rf1 Qg6 34.
Qxf4 Bd3 35. Rf3 Bc4 36. Bxc4 1-0

[Event "European Online CC PlayC"]
[Site "Tornelo INT"]
[Date "2021.03.29"]
[Round "1.3"]
[Board "1"]
[White "Duda, Jan-Krzysztof"]
[Black "Tomashevsky, Evgeny"]
[Result "1-0"]
[WhiteTitle "GM"]
[BlackTitle "GM"]
[WhiteElo "2729"]
[BlackElo "2706"]
[WhiteTeam "Poland Hussars"]
[BlackTeam "New Old Boys"]
[WhiteFideId "1170546"]
[BlackFideId "4147235"]
[EventDate "2021.03.29"]
[EventType "team"]

1. e4 e5 2. Nf3 Nc6 3. Bc4 Bc5 4. c3 Nf6 5. d3 O-O 6. Nbd2 d6 7. h3 Ne7 8. O-O
Ng6 9. d4 Bb6 10. Bd3 Re8 11. Re1 c6 12. Qc2 Nf4 13. Bf1 Bc7 14. Nc4 N6h5 15.
Ne3 Nf6 16. Nf5 Bxf5 17. exf5 e4 18. Bxf4 exf3 19. g3 d5 20. Rxe8+ Nxe8 21. Be5
Qe7 22. Qd3 Bxe5 23. Re1 f6 24. Qxf3 Nd6 25. dxe5 fxe5 26. g4 Re8 27. b3 e4 28.
Qe3 Qf6 29. Rd1 h5 30. c4 hxg4 31. hxg4 dxc4 32. Qc5 Nf7 33. Bxc4 Kh7 34. Bxf7
Qxf7 35. Kg2 Kg8 36. Qxa7 g6 37. Qe3 gxf5 38. Qg5+ Kf8 39. Rd6 e3 40. fxe3 1-0

[Event "European Online CC PlayC"]
[Site "Tornelo INT"]
[Date "2021.03.29"]
[Round "1.3"]
[Board "2"]
[White "Grachev, Boris"]
[Black "Moranda, Wojciech"]
[Result "1/2-1/2"]
[WhiteTitle "GM"]
[BlackTitle "GM"]
[WhiteElo "2619"]
[BlackElo "2618"]
[WhiteTeam "New Old Boys"]
[BlackTeam "Poland Hussars"]
[WhiteFideId "4129199"]
[BlackFideId "1122401"]
[EventDate "2021.03.29"]
[EventType "team"]

1. Nf3 Nf6 2. c4 e6 3. Nc3 d5 4. e3 Be7 5. b3 O-O 6. Bb2 dxc4 7. Bxc4 a6 8. Be2
c5 9. Ne5 Nfd7 10. Nxd7 Bxd7 11. O-O Bc6 12. Rc1 Nd7 13. Bf3 Rc8 14. d4 cxd4 15.
exd4 Nf6 16. d5 Nxd5 17. Nxd5 exd5 18. Re1 Bf6 19. Bxf6 Qxf6 20. Qd2 Rfd8 21.
Qb4 g6 22. Rcd1 h5 23. h3 Rd7 24. Rd4 Rcd8 25. Red1 Re7 26. Qd2 Re5 27. Rf4 Qe7
28. Rd4 Rd6 29. Qb4 Rde6 30. Qxe7 Rxe7 31. Bxd5 Bxd5 32. Rxd5 Rxd5 33. Rxd5 Re1+
34. Kh2 Re2 35. a4 Rb2 36. Rd3 Kf8 37. Kg3 Ke7 1/2-1/2

[Event "European Online CC PlayC"]
[Site "Tornelo INT"]
[Date "2021.03.29"]
[Round "1.3"]
[Board "3"]
[White "Socko, Bartosz"]
[Black "Motylev, Alexander"]
[Result "1/2-1/2"]
[WhiteTitle "GM"]
[BlackTitle "GM"]
[WhiteElo "2618"]
[BlackElo "2641"]
[WhiteTeam "Poland Hussars"]
[BlackTeam "New Old Boys"]
[WhiteFideId "1107038"]
[BlackFideId "4121830"]
[EventDate "2021.03.29"]
[EventType "team"]

1. d4 d5 2. Nf3 Nf6 3. c4 c6 4. e3 Bf5 5. Nc3 e6 6. Nh4 Be4 7. f3 Bg6 8. Nxg6
hxg6 9. g3 Nbd7 10. Kf2 Be7 11. Kg2 a6 12. e4 dxe4 13. fxe4 e5 14. d5 Bc5 15.
Bd3 Rc8 16. Qf3 Bd4 17. Ne2 Ba7 18. b3 Qe7 19. Bb2 Nc5 20. Rad1 cxd5 21. cxd5
Nxd3 22. Rxd3 O-O 23. Rhd1 Rc2 24. R1d2 Rxd2 25. Rxd2 Rc8 26. d6 Qe6 27. Ba3 Ng4
28. h3 Ne3+ 29. Kh2 Rc2 30. Rxc2 Nxc2 31. Qd3 Nxa3 32. d7 Bb6 33. d8=Q+ Bxd8 34.
Qxd8+ Kh7 35. Qh4+ Kg8 36. Qd8+ Kh7 1/2-1/2

[Event "European Online CC PlayC"]
[Site "Tornelo INT"]
[Date "2021.03.29"]
[Round "1.3"]
[Board "4"]
[White "Murzin, Volodar"]
[Black "Tomczak, Jacek"]
[Result "0-1"]
[WhiteTitle "IM"]
[BlackTitle "GM"]
[WhiteElo "2478"]
[BlackElo "2610"]
[WhiteTeam "New Old Boys"]
[BlackTeam "Poland Hussars"]
[WhiteFideId "44155573"]
[BlackFideId "1124668"]
[EventDate "2021.03.29"]
[EventType "team"]

1. e4 e6 2. d4 d5 3. Nc3 Nf6 4. e5 Nfd7 5. Nce2 c5 6. c3 Nc6 7. f4 Qb6 8. Nf3
Be7 9. g3 O-O 10. Bh3 cxd4 11. cxd4 Kh8 12. O-O a5 13. a4 f5 14. Kh1 Ndb8 15. g4
fxg4 16. Bxg4 Bd7 17. Nc3 Nb4 18. Be3 Be8 19. Rc1 Bg6 20. Nb5 N8a6 21. Rg1 Nd3
22. Rc3 Nxb2 23. Qb3 Nc4 24. Bc1 Nb4 25. Bh3 Be4 26. Re1 Rac8 27. Kg1 Rc6 28.
Ng5 Bxg5 29. fxg5 Nxe5 30. Rf1 Nf3+ 31. Rfxf3 Bxf3 32. Ba3 0-1

[Event "European Online CC PlayC"]
[Site "Tornelo INT"]
[Date "2021.03.29"]
[Round "2.1"]
[Board "1"]
[White "Rapport, Richard"]
[Black "Tomashevsky, Evgeny"]
[Result "1/2-1/2"]
[WhiteTitle "GM"]
[BlackTitle "GM"]
[WhiteElo "2763"]
[BlackElo "2706"]
[WhiteTeam "OSG Baden Baden e.V."]
[BlackTeam "New Old Boys"]
[WhiteFideId "738590"]
[BlackFideId "4147235"]
[EventDate "2021.03.29"]
[EventType "team"]

1. c4 Nf6 2. Nf3 e6 3. g3 d5 4. Bg2 dxc4 5. Qa4+ Nbd7 6. Qxc4 a6 7. a4 b5 8. Qc6
Rb8 9. axb5 Bb7 10. Qc2 axb5 11. O-O Be7 12. d3 c5 13. Bf4 Rc8 14. Nc3 Qb6 15.
Qb3 Bc6 16. Ne5 Bxg2 17. Nxd7 Nxd7 18. Kxg2 b4 19. Ne4 O-O 20. Rfc1 Qb7 21. Kg1
Qd5 22. Nd2 Ra8 23. Qd1 Rxa1 24. Rxa1 Ra8 25. Nc4 h6 26. Ra4 Qc6 27. Ra1 Ra6 28.
h4 Qa8 29. Rc1 Nb6 30. Nxb6 Rxb6 31. Be3 Rb5 32. b3 Ra5 33. d4 cxd4 34. Qxd4 Bf8
35. Qc4 Ra1 36. Rxa1 Qxa1+ 37. Kg2 h5 38. Bd2 Qd1 39. Bxb4 Bxb4 40. Qxb4 Qxe2
41. Qc5 e5 42. b4 Qe4+ 43. Kh2 f5 44. b5 f4 45. b6 fxg3+ 46. fxg3 Qe2+ 47. Kg1
Qd1+ 48. Kg2 Qd2+ 49. Qf2 Qd5+ 50. Kh2 e4 51. Qb2 Qb7 52. Qd4 Kh7 53. Qc5 Qf7
54. Kg1 Qf3 55. Qf2 Qb3 56. Qf5+ Kg8 57. Qc8+ Kh7 58. b7 Qd1+ 59. Kh2 Qe2+ 60.
Kh1 Qf1+ 61. Kh2 Qf2+ 62. Kh1 Qf1+ 63. Kh2 Qf2+ 1/2-1/2

[Event "European Online CC PlayC"]
[Site "Tornelo INT"]
[Date "2021.03.29"]
[Round "2.1"]
[Board "2"]
[White "Motylev, Alexander"]
[Black "Bacrot, Etienne"]
[Result "1/2-1/2"]
[WhiteTitle "GM"]
[BlackTitle "GM"]
[WhiteElo "2641"]
[BlackElo "2678"]
[WhiteTeam "New Old Boys"]
[BlackTeam "OSG Baden Baden e.V."]
[WhiteFideId "4121830"]
[BlackFideId "605506"]
[EventDate "2021.03.29"]
[EventType "team"]

1. e4 e5 2. Nf3 Nc6 3. Bb5 Nf6 4. O-O Nxe4 5. Re1 Nd6 6. Nxe5 Be7 7. Bf1 Nxe5 8.
Rxe5 O-O 9. d4 Bf6 10. Re1 Re8 11. c3 Rxe1 12. Qxe1 Ne8 13. a4 d5 14. a5 c6 15.
Bf4 Bf5 16. Nd2 Nc7 17. Nf3 Ne6 18. Bg3 a6 19. b4 Qe7 20. Qe3 Ng5 21. Nxg5 Qxe3
22. fxe3 Bxg5 23. Bf4 Bxf4 24. exf4 Re8 25. Kf2 Kf8 26. Re1 Rxe1 27. Kxe1 h5 28.
Kf2 g6 29. g3 Ke7 30. h4 Be6 31. Bd3 1/2-1/2

[Event "European Online CC PlayC"]
[Site "Tornelo INT"]
[Date "2021.03.29"]
[Round "2.1"]
[Board "4"]
[White "Kobalia, Mikhail"]
[Black "Naiditsch, Arkadij"]
[Result "1/2-1/2"]
[WhiteTitle "GM"]
[BlackTitle "GM"]
[WhiteElo "2587"]
[BlackElo "2649"]
[WhiteTeam "New Old Boys"]
[BlackTeam "OSG Baden Baden e.V."]
[WhiteFideId "4119150"]
[BlackFideId "4650891"]
[EventDate "2021.03.29"]
[EventType "team"]

1. e4 e5 2. Nf3 Nc6 3. Bb5 Nf6 4. d3 d6 5. O-O Be7 6. Re1 O-O 7. c3 Bd7 8. d4
exd4 9. cxd4 d5 10. e5 Ne4 11. Bd3 Bg4 12. Nc3 f5 13. exf6 Bxf6 14. Nxe4 dxe4
15. Rxe4 Bxf3 16. Qxf3 Bxd4 17. Rf4 Qd6 18. Qe4 g6 19. Be3 Bxe3 20. Rxf8+ Rxf8
21. Qxe3 Qd4 22. Qxd4 Nxd4 23. Rc1 c6 24. f3 Kg7 25. Kf2 Kf6 26. b4 Rd8 27. Be4
Ne6 28. Ke3 Ng5 29. Bd3 Re8+ 30. Kf2 Rd8 31. Ke3 Re8+ 32. Kd2 Ne6 33. Rc4 Ra8
34. Rc3 Nf4 35. g3 Nxd3 36. Rxd3 Ke6 37. Re3+ Kd6 38. Rd3+ Ke6 39. Re3+ Kd6 40.
Rd3+ Ke6 1/2-1/2

[Event "European Online CC PlayC"]
[Site "Tornelo INT"]
[Date "2021.03.29"]
[Round "2.2"]
[Board "1"]
[White "Agrest, Evgenij"]
[Black "Duda, Jan-Krzysztof"]
[Result "0-1"]
[WhiteTitle "GM"]
[BlackTitle "GM"]
[WhiteElo "2568"]
[BlackElo "2729"]
[WhiteTeam "Svetlana"]
[BlackTeam "Poland Hussars"]
[WhiteFideId "1705024"]
[BlackFideId "1170546"]
[EventDate "2021.03.29"]
[EventType "team"]

1. d4 Nf6 2. Nc3 d5 3. Bf4 a6 4. e3 c5 5. dxc5 Nc6 6. a3 e5 7. Bg5 d4 8. Ne4 Bf5
9. Bxf6 gxf6 10. Ng3 Be6 11. b4 f5 12. e4 fxe4 13. Nxe4 Be7 14. Bd3 Qd5 15. f3
f5 16. Nd2 Rg8 17. Qe2 Qd7 18. Nc4 Qc7 19. Nb6 Rd8 20. O-O-O Bg5+ 21. Kb1 Be3
22. Bc4 Bxc4 23. Qxc4 Ne7 24. g3 Rg6 25. Qb3 Rxb6 26. cxb6 Qxb6 27. Ne2 Qc6 28.
Rhf1 b5 29. f4 e4 30. g4 Qc4 31. Qxc4 bxc4 32. Ng3 Nd5 33. Nxf5 Nc3+ 34. Kb2
Nxd1+ 35. Rxd1 Bf2 36. Rd2 c3+ 0-1

[Event "European Online CC PlayC"]
[Site "Tornelo INT"]
[Date "2021.03.29"]
[Round "2.2"]
[Board "2"]
[White "Moranda, Wojciech"]
[Black "Zhigalko, Andrey"]
[Result "1/2-1/2"]
[WhiteTitle "GM"]
[BlackTitle "GM"]
[WhiteElo "2618"]
[BlackElo "2517"]
[WhiteTeam "Poland Hussars"]
[BlackTeam "Svetlana"]
[WhiteFideId "1122401"]
[BlackFideId "13502247"]
[EventDate "2021.03.29"]
[EventType "team"]

1. d4 Nf6 2. c4 e6 3. Nf3 b6 4. g3 Bb7 5. Bg2 c5 6. d5 exd5 7. cxd5 Bxd5 8. Nc3
Bc6 9. e4 Nxe4 10. Nxe4 Bxe4 11. Qe2 Qe7 12. O-O Nc6 13. Re1 Bxf3 14. Bxf3 Qxe2
15. Rxe2+ Be7 16. Bxc6 dxc6 17. Bf4 Kf8 18. Rae1 g5 19. Rxe7 gxf4 20. Rc7 fxg3
21. hxg3 Kg7 22. Ree7 Rhf8 23. Rxc6 Rfe8 24. Rd7 Red8 25. Re7 Rd2 26. Rcc7 Rxb2
27. Rxf7+ Kg6 28. Rxh7 Rxa2 29. Rcf7 Rg8 30. g4 Ra4 31. f3 Rf4 32. Rxa7 Rxf3 33.
Rhb7 Rb3 34. Ra6 Kf6 35. Rbxb6+ Rxb6 36. Rxb6+ Ke5 37. Kf2 Rxg4 38. Ke3 Rg3+ 39.
Kd2 Kd4 40. Rd6+ Kc4 41. Rc6 Rg2+ 42. Kc1 Kd4 43. Rh6 c4 44. Rh3 1/2-1/2

[Event "European Online CC PlayC"]
[Site "Tornelo INT"]
[Date "2021.03.29"]
[Round "2.2"]
[Board "3"]
[White "Kazakouski, Valery"]
[Black "Tomczak, Jacek"]
[Result "0-1"]
[WhiteTitle "IM"]
[BlackTitle "GM"]
[WhiteElo "2476"]
[BlackElo "2610"]
[WhiteTeam "Svetlana"]
[BlackTeam "Poland Hussars"]
[WhiteFideId "13507443"]
[BlackFideId "1124668"]
[EventDate "2021.03.29"]
[EventType "team"]

1. d4 Nf6 2. Nf3 c5 3. d5 b5 4. Bg5 Qb6 5. a4 b4 6. a5 Qd6 7. c4 Ne4 8. Bh4 e6
9. Qd3 exd5 10. cxd5 Qg6 11. Nbd2 Nxd2 12. Qxd2 Qe4 13. e3 Ba6 14. Bxa6 Nxa6 15.
d6 f6 16. Bg3 Rc8 17. O-O g6 18. Qe2 Rc6 19. Rfd1 Bg7 20. Nd2 Qe6 21. Nc4 f5 22.
e4 fxe4 23. Re1 O-O 24. Qxe4 Qxe4 25. Rxe4 Rcc8 26. Rae1 Nb8 27. f4 Nc6 28. Bf2
Bd4 29. g4 Kg7 30. Kg2 Bxf2 31. Kxf2 Nd4 32. Re7+ Kg8 33. R1e4 Rcd8 34. R7e5 Rc8
35. Kg3 Rfd8 36. h4 Ne6 37. f5 gxf5 38. gxf5 Nd4 39. Kg4 Kf7 40. Re7+ Kf6 41.
Ne3 Rg8+ 42. Kf4 Ne2+ 43. Kf3 Nd4+ 44. Kf2 Rcf8 45. R4e5 Ne6 46. Nd5+ Kxe5 0-1

[Event "European Online CC PlayC"]
[Site "Tornelo INT"]
[Date "2021.03.29"]
[Round "2.2"]
[Board "4"]
[White "Teclaf, Pawel"]
[Black "Meribanov, Vitaly"]
[Result "1-0"]
[WhiteTitle "IM"]
[BlackTitle "IM"]
[WhiteElo "2507"]
[BlackElo "2406"]
[WhiteTeam "Poland Hussars"]
[BlackTeam "Svetlana"]
[WhiteFideId "1185934"]
[BlackFideId "13504363"]
[EventDate "2021.03.29"]
[EventType "team"]

1. Nf3 Nf6 2. b3 g6 3. Bb2 Bg7 4. g3 O-O 5. Bg2 d5 6. c4 c6 7. O-O a5 8. Nc3 Ne4
9. Na4 b5 10. Bxg7 Kxg7 11. cxb5 cxb5 12. Nc3 Nxc3 13. dxc3 Bb7 14. Ne5 f6 15.
Nd3 Qb6 16. Nf4 Rd8 17. e4 d4 18. cxd4 e5 19. Nd5 Bxd5 20. exd5 exd4 21. Re1 Ra7
22. Rc1 Rf7 23. Re6 Qa7 24. Qe2 Na6 25. d6 Nb4 26. Qxb5 Nxa2 27. Rce1 Nc3 28.
Qc4 Qb6 29. Re7 Rf8 30. Rxf7+ Rxf7 31. Re7 Rxe7 32. dxe7 Qb8 33. Bc6 1-0

[Event "European Online CC PlayC"]
[Site "Tornelo INT"]
[Date "2021.03.29"]
[Round "2.3"]
[Board "1"]
[White "Fedoseev, Vladimir3"]
[Black "Adams, Michael"]
[Result "1-0"]
[WhiteTitle "GM"]
[BlackTitle "GM"]
[WhiteElo "2687"]
[BlackElo "2716"]
[WhiteTeam "Mednyi Vsadnik"]
[BlackTeam "4NCL Guildford"]
[WhiteFideId "24130737"]
[BlackFideId "400041"]
[EventDate "2021.03.29"]
[EventType "team"]

1. e4 e5 2. Nf3 Nc6 3. Bb5 Nf6 4. d3 Bc5 5. c3 O-O 6. O-O Re8 7. Bg5 h6 8. Bh4
Be7 9. Bxc6 dxc6 10. Bg3 Bd6 11. h3 Nh5 12. Bh2 Qf6 13. d4 Nf4 14. Nbd2 exd4 15.
cxd4 Qg6 16. Bg3 Nxh3+ 17. gxh3 Bxg3 18. fxg3 Bxh3 19. Kf2 Bxf1 20. Qxf1 Rad8
21. Qc4 Rd6 22. Re1 Qh5 23. e5 Rg6 24. Ne4 Rg4 25. Qd3 Rd8 26. Qe3 Re8 27. Kg2
Rg6 28. Nf2 Rge6 29. Nd3 Qf5 30. Rf1 R6e7 31. Nh4 Qe6 32. Nf5 Rd7 33. Nc5 Qd5+
34. Kg1 Rdd8 35. Ne4 Qxa2 36. Nxh6+ Kh7 37. Nxf7 Rd7 38. Neg5+ Kg8 39. Qe4 1-0

[Event "European Online CC PlayC"]
[Site "Tornelo INT"]
[Date "2021.03.29"]
[Round "2.3"]
[Board "2"]
[White "McShane, Luke J"]
[Black "Matlakov, Maxim"]
[Result "1-0"]
[WhiteTitle "GM"]
[BlackTitle "GM"]
[WhiteElo "2674"]
[BlackElo "2688"]
[WhiteTeam "4NCL Guildford"]
[BlackTeam "Mednyi Vsadnik"]
[WhiteFideId "404853"]
[BlackFideId "4168003"]
[EventDate "2021.03.29"]
[EventType "team"]

1. e4 e5 2. Nf3 Nc6 3. Bb5 a6 4. Ba4 Bc5 5. O-O Nge7 6. Nxe5 Nxe5 7. d4 b5 8.
Bb3 Bxd4 9. Qxd4 d6 10. Qe3 c5 11. c3 O-O 12. Qg3 c4 13. Bc2 f5 14. Bg5 Qe8 15.
Nd2 N7g6 16. f4 Nd3 17. Bxd3 cxd3 18. Rae1 Qc6 19. h4 fxe4 20. h5 d5 21. hxg6
Qxg6 22. Nb3 a5 23. Bh4 Qxg3 24. Bxg3 Bg4 25. Kf2 b4 26. Ke3 Rfb8 27. Rb1 bxc3
28. bxc3 Rc8 29. Rfc1 Rc4 30. Be1 Ra4 31. Rb2 Rc8 32. Bd2 h5 33. Nd4 Kh7 34. Ra1
Rc7 35. Rb5 Rd7 36. Nb3 Rd6 37. Rxa5 Rc4 38. a4 Bd7 39. f5 Bxf5 40. Rc5 Rxc5 41.
Nxc5 Rc6 42. Kd4 Rg6 43. a5 Bc8 44. a6 Bxa6 45. Nxa6 Rxg2 46. Be3 h4 47. Nb4 h3
48. Nxd5 h2 49. Rh1 d2 50. Kxe4 Kg8 51. Bxd2 Rxd2 52. Ne3 Re2 53. Kd3 Rf2 54.
Nf1 Rf3+ 55. Kc4 g5 56. Nxh2 Rh3 57. Kb4 g4 58. c4 g3 59. Rg1 Rxh2 60. Rxg3+ Kf7
61. Re3 Rh5 62. c5 Kf6 63. Kb5 Rh8 64. c6 1-0